000 00820nam a2200325Ia 4500
001 221
005 20240113233404.0
007 ta
008 050106s1993 a g b000 u asm u
040 _aStack
041 _aasm
082 _a891.49408 B
_bBr 469 Bo
100 _aBrahma, Kameswar .
245 0 _aBoroni harimu /
_cKameswar Brahma.
_hTextual Documents
250 _a1st ed /
260 _aKokrajhar :
_bBodo publication board ,
_c1993.
300 _a49p. :
_bill ;
_c22cm .
500 _aThis book is in bodo language Issued to the Deptt Acc No 89883
653 _aBodo essays
942 _2ddc
_cBK
999 _c221
_d221